Statistics for Kingdom Countries

Click here to take the quiz!

General Stats

  • This quiz has been taken 122 times
  • The average score is 9 of 17

Answer Stats

Country% Correct
United Kingdom
97%
Sweden
81%
Denmark
80%
Norway
80%
Netherlands
71%
Spain
71%
Belgium
65%
Saudi Arabia
56%
Jordan
44%
Thailand
43%
Swaziland
42%
Bahrain
40%
Lesotho
37%
Bhutan
30%
Morocco
30%
Cambodia
28%
Tonga
26%

Score Distribution

Percentile by Number Answered

Percent of People with Each Score

Your Score History

You have not taken this quiz